000 00557nam a2200217 i 4500
001 C2-0307561
003 PPAK
005 20180728094306.0
008 110307s xx |||| ||||| | may d
040 _aPPAK
_beng
_cPPAK
_erda
082 0 4 _a899.2211
_223
090 0 0 _a899.2211
_bIDH
_dKIH
100 1 _aIdham, rosni,
_eauthor
245 1 0 _aSawang manee erat sekejap
300 _a60 pages ;
_c18 cm
336 _2rdacontent
_atext
337 _2rdamedia
_aunmediated
338 _2rdacarrier
_avolume
650 1 0 _aIndonesian poetry
942 _ddc
_cB
999 _c110304
_d110304